| 000 | 00922cam a22002535a 4500 | ||
|---|---|---|---|
| 001 | 18247050 | ||
| 005 | 20151203151610.0 | ||
| 008 | 140730s2013 nyua frb 001 0 eng d | ||
| 020 | _a9781107603578 (pbk.) | ||
| 040 |
_aUKMGB _beng _cUKMGB _dYDXCP _dBTCTA _dRRR _dDEBBG _dDLC _dEG-ScBUE |
||
| 082 | 0 | 4 |
_a153.01519542 _222 _bLEE |
| 100 | 1 |
_aLee, Michael D. _q(Michael David), _d1971- _938830 |
|
| 245 | 1 | 0 |
_aBayesian cognitive modeling : _ba practical course / _cMichael D. Lee, Eric-Jan Wagenmakers. |
| 260 |
_aNew York : _bCambridge University Press, _c2013. |
||
| 300 |
_axiii, 264 p. : _bill. ; _c26 cm. |
||
| 500 | _aIndex : p. 263-264. | ||
| 504 | _aBibliography : p. 252-262. | ||
| 650 | 0 |
_aCognitive science _xMathematical models. _2BUEsh |
|
| 650 | 0 |
_aBayesian statistical decision theory. _2BUEsh |
|
| 651 | _2BUEsh | ||
| 653 |
_bCOMSCI _cAugust2015 _cDecember2015 |
||
| 700 | 1 | _aWagenmakers, Eric-Jan. | |
| 942 | _2ddc | ||
| 999 |
_c20570 _d20542 |
||